|
|
|
|
| LEADER |
00000nam0a2200000 4500 |
| 001 |
368756 |
| 005 |
20231102012120.0 |
| 035 |
|
|
|a (RuTPU)RU\TPU\retro\26138
|
| 090 |
|
|
|a 368756
|
| 100 |
|
|
|a 20220419d1979 km y0rusy50 ca
|
| 101 |
0 |
|
|a rus
|
| 102 |
|
|
|a UA
|
| 105 |
|
|
|a a z 001zy
|
| 200 |
1 |
|
|a Усталостные испытания на высоких частотах нагружения
|f Академия наук Украинской ССР, Институт проблем прочности ; под ред. В. А. Кузьменко
|
| 210 |
|
|
|a Киев
|c Наукова думка
|d 1979
|
| 215 |
|
|
|a 336 с.
|c ил.
|
| 320 |
|
|
|a Библиогр.: с. 304-333
|
| 606 |
1 |
|
|a Материалы
|x Испытание на усталость
|2 stltpush
|3 (RuTPU)RU\TPU\subj\41278
|9 61082
|
| 610 |
1 |
|
|a нагружение
|
| 610 |
1 |
|
|a высокие частоты
|
| 610 |
1 |
|
|a усталостные испытания
|
| 610 |
1 |
|
|a возбуждения
|
| 610 |
1 |
|
|a металлы
|
| 610 |
1 |
|
|a неметаллические материалы
|
| 610 |
1 |
|
|a неупругость
|
| 610 |
1 |
|
|a циклическое деформирование
|
| 610 |
1 |
|
|a анализ
|
| 610 |
1 |
|
|a практическое использование
|
| 675 |
|
|
|a 620.178.3
|v 4
|
| 702 |
|
1 |
|a Кузьменко
|b В. А.
|4 340
|
| 712 |
0 |
2 |
|a Академия наук Украинской ССР
|b Институт проблем прочности
|2 stltpush
|3 (RuTPU)RU\TPU\col\12440
|9 25399
|
| 801 |
|
1 |
|a RU
|b 63413507
|c 20220419
|
| 942 |
|
|
|c BK
|